Ringo Starr Studio Albums - Statistics

General Stats
  • This quiz has been taken 82 times
  • The average score is 12 of 17
Answer Stats
Year Answer % Correct
1973 Ringo
100%
1970 Sentimental Journey
80%
1974 Goodnight Vienna
78%
1970 Beaucoups of Blues
74%
1981 Stop and Smell the Roses
72%
1976 Ringo's Rotogravure
70%
1977 Ringo the 4th
68%
2008 Liverpool 8
66%
2003 Ringo Rama
66%
1992 Time Takes Time
66%
1978 Bad Boy
64%
1998 Vertical Man
64%
2010 Y Not
64%
2005 Choose Love
60%
2012 Ringo 2012
58%
1983 Old Wave
56%
2015 Postcards From Paradise
56%
No matching quizzes found
Score Distribution
Percent of People with Each Score
Percentile by Number Answered
Your Score History
You have not taken this quiz